Statistiques concernant 15 principaux pays touchés par Covid-19 - 15 décembre 2021

Cliquez ici pour prendre le quiz!

Statistiques générales

  • Ce quiz a été pris 36 fois
  • Le résultat moyen est 12 sur 28

Statistiques - réponses

pays% Correct
France
97%
Etats-Unis
94%
Allemagne
81%
Italie
81%
Russie
81%
Espagne
78%
Royaume-Uni
78%
Inde
75%
Brésil
72%
Mexique
63%
Argentine
59%
Pays-Bas
50%
Belgique
47%
Colombie
41%
Indonésie
38%
Turquie
31%
Croatie
22%
Serbie
22%
Iran
19%
Slovaquie
19%
Slovénie
19%
Tchèquie
19%
Estonie
16%
Lituanie
16%
Lettonie
13%
Israël
9%
Bahreïn
0%
Géorgie
0%

Distribution des résultats

Percentile par nombre de réponses

% des personnes avec chaque résultat

Votre développement - résultats

Vous n’avez pas pris ce quiz